000 01091nam a2200301 a 4500
001 BRL_1442
005 20190320211216.0
008 150114s1992----u--o######---#000-0#eng-#
020 _a0811800628
041 _aeng
044 _au
050 4 _aGT1748.I52
_b.S53 1992
100 1 _aSlattum, Judy
_926928
245 1 0 _aMasks of Bali
_bspirits of an ancient drama
_cJudy Slattum ; photographs by Paul Schraub ; preface by Hildred Geertz.
260 _aSan Francisco
_bChronicle Books
_c1992
300 _a131 p.
_bil., fotografías a color
_c27 cm.
500 _aAu1791
504 _aBibliografía: p. 130-131
650 1 4 _aMáscaras
_xAspectos religiosos
_zBali (Indonesia)
_926929
650 1 4 _aMáscaras
_xAspectos sociales
_zBali (Indonesia)
_926930
650 1 4 _aRitos y ceremonias
_zBali (Indonesia)
_926931
651 4 _aBali (Indonesia : Provincia)
_xVida religiosa y custumbres
_926932
651 4 _aBali (Indonesia : Provincia)
_xVida social y costumbres
_926933
700 1 _aSchraub, Paul
_eil.
_926934
700 1 _aGeertz, Hildred
_926935
902 _aGRL
942 _2lcc
_cB
999 _c10252
_d10252